| 000 | 00565nam a22001817a 4500 | ||
|---|---|---|---|
| 005 | 20160929103002.0 | ||
| 010 | _aEN-115982 | ||
| 020 |
_a9789383420865 _c150.00 |
||
| 035 | _aEN-99514 | ||
| 037 | _bDBAD/PUB | ||
| 082 | _a152.4 | ||
| 100 | _aChattopadhyay,Aparna | ||
| 245 |
_aWhat's your emotional IQ : _bover 600 psychological quizzes / _cby Aparna Chattopadhyay |
||
| 260 |
_aNew Delhi _bV&S Publishers _c2015 |
||
| 270 |
_aF-2/16,Ansari Road,Daryaganj _bNew Delhi _e110002 |
||
| 300 |
_a175p. _c22cm (pbk) |
||
| 942 |
_2ddc _cEN _h152.4 _mCHA |
||
| 999 |
_c103224 _d103224 |
||